000 01260nam0a22003251 4500
001 v19\rc\1789450
005 20061204170432.8
035 _a(NLR Aleph) 004881351
090 _a5173437
_c5173437
100 _a20061204d1905 |||y0rusy50 ca
101 0 _arus
102 _aRU
105 _ay z |||c|
200 1 _aГеографический, этнографический и экономический очерк Манчжурии
_e(Общ. описание, с прибавл. некоторых лич. заметок авт., во время путешествия его по Манчжурии)
_fВ.П. Врадий
210 _aСанкт-Петербург
_cтип. Тренке и Фюсно
_d1905
215 _a24 с.
_d25
316 _aЭкз. РНБ (34.52.4.1629): с автогр. авт.
_5NLR: 34.52.4.1629
700 1 _aВрадий
_bВ. П.
_f1871-
_gВячеслав Пантелеймонович
801 0 _aRU
_bNLR
_gpsbo
801 0 _aRU
_bRuMoRGB
_2psbo
801 1 _aRU
_bProSoft-M
_2rusmarc
852 _aNLR
_j34.52.4.1629
899 _aRuMoRGB
_jA 291/311
899 _aRuMoRGB
_jU 291/626
899 _aБАН
899 _aНБ СПбГУ
899 _aГПИБ
899 _aНБ МГУ
942 _cBOOK
980 _aNB